Statistics for 5, 6, 7, or 8?

Click here to take the quiz!

General Stats

  • This quiz has been taken 24,259 times
  • The average score is 10 of 15

Answer Stats

QuestionAnswer% Correct
How many years of bad luck do you get for breaking a mirror?7
90%
How many Spice Girls are there?5
89%
How many planets are in the Solar System?8
87%
Which number starts with O when spelled out in Spanish?8
87%
How many legs does an insect have?6
79%
How many Great Lakes of North America are there?5
74%
How many bits are in a byte?8
70%
How many points are on the Star of David?6
68%
On which day of creation did God create humans, according to the Bible?6
61%
How many wives did King Henry VIII have?6
53%
Which Star Wars "episode" featured Ewoks?6
52%
What is the most likely number to roll with a pair of dice?7
52%
What is the atomic number of Oxygen?8
46%
How many Olympic gold medals did Michael Phelps win in 2008?8
38%
What is the luckiest number in China?8
31%

Score Distribution

Percentile by Number Answered

Percent of People with Each Score

Your Score History

You have not taken this quiz